SOUTHEAST ASIA : (Record no. 184757)

MARC details
000 -LEADER
fixed length control field 03249nam a22003017i 4500
005 - DATE AND TIME OF LATEST TRANSACTION
control field 20210826215507.0
008 - FIXED-LENGTH DATA ELEMENTS--GENERAL INFORMATION
fixed length control field 210826t20202021at bo||g |||| 00| 0 eng d
020 ## - INTERNATIONAL STANDARD BOOK NUMBER
International Standard Book Number 9781760877132
Terms of availability RM79.90
Qualifying information paperback
040 ## - CATALOGING SOURCE
Original cataloging agency PPAK
Language of cataloging eng
Transcribing agency PPAK
Description conventions rda
082 04 - DEWEY DECIMAL CLASSIFICATION NUMBER
Edition number 23
Classification number 959
090 00 - LOCALLY ASSIGNED LC-TYPE CALL NUMBER (OCLC); LOCAL CALL NUMBER (RLIN)
Classification number (OCLC) (R) ; Classification number, CALL (RLIN) (NR) 959
Feature heading OSB
Feature heading G
100 1# - MAIN ENTRY--PERSONAL NAME
Personal name Osborne, Milton E.,
Relator term author.
245 10 - TITLE STATEMENT
Title SOUTHEAST ASIA :
Remainder of title AN INTRODUCTORY HISTORY /
Statement of responsibility, etc. MILTON OSBORNE
250 ## - EDITION STATEMENT
Edition statement 13th edition
264 #1 - PRODUCTION, PUBLICATION, DISTRIBUTION, MANUFACTURE, AND COPYRIGHT NOTICE
Place of production, publication, distribution, manufacture Sydney, Australia :
Name of producer, publisher, distributor, manufacturer Allen & Unwin,
Date of production, publication, distribution, manufacture, or copyright notice 2020
Date of production, publication, distribution, manufacture, or copyright notice ©2021
300 ## - PHYSICAL DESCRIPTION
Extent xvii, 414 pages, 16 unnumbered pages of plates :
Other physical details maps, colour photographs ;
Dimensions 20 cm.
336 ## - CONTENT TYPE
Source rdacontent
Content type term text
337 ## - MEDIA TYPE
Source rdamedia
Media type term unmediated
338 ## - CARRIER TYPE
Source rdacarrier
Carrier type term volume
500 ## - GENERAL NOTE
General note Includes index.
General note "First edition published in 1979"--T.p. verso.<br/>"Earlier editions translated into Japanese, Khmer, Korean, Thai and Chinese"--T.p. verso.
504 ## - BIBLIOGRAPHY, ETC. NOTE
Bibliography, etc. note Bibliography : pages 366-397.
505 ## - FORMATTED CONTENTS NOTE
Title What is Southeast Asia? -- The 'classical' background to modern Southeast Asian history -- Courts, kings and peasants : Southeast Asia before the European impact -- Minorities and slaves : the outsiders in traditional Southeast Asia -- The European advance and challenge -- Economic transformation -- The Asian immigrants in Southeast Asia -- The years of illusion : Southeast Asia between the wars, 1918-41 -- The Second World War in Southeast Asia -- Revolution and revolt : Indonesia, Vietnam, Malaya and the Philippines -- Other paths to independence -- An end to post-colonial settlements and beyond I : Indonesia, Vietnam, Cambodia and Laos -- An end to post-colonial settlements and beyond II : Burma (Myanmar), Malaya, Singapore, the Philippines and the Thai exception -- The challenges of independence in Southeast Asia -- An overview of the present and recent past.
520 ## - SUMMARY, ETC.
Summary, etc. The first edition of Southeast Asia: An introductory history was published in 1979 and immediately filled a need for travellers and students interested in a tantalisingly different part of the world. Subsequent editions (translated into Japanese, Khmer, Korean, Chinese and Thai) have continued to document with great perception the enormous changes and dramatic growth experienced in the region.<br/><br/>Dr Milton Osborne has been a resident, student and fascinated observer of Southeast Asia for many years. This familiarity has resulted in a highly readable and lively chronicle. While giving due regard to the early history of the region, Osborne concentrates on the changes that have taken place since the 18th century: the impact of colonial rule, the economic transformations of the 19th and 20th centuries, the emergence and triumph of the independence movements, the impact of social change and the pivotal roles played by religion, ethnic minorities and immigrant groups. He also provides an introduction to the art of the region and a comprehensive guide to literature about Southeast Asia.<br/><br/>Clearly written and extensively illustrated Southeast Asia: An introductory history remains a classic in the field.<br/><br/>'Still one of the best short introductory histories of the region...' Eric Tagliacozzo, Cornell University
651 #0 - SUBJECT ADDED ENTRY--GEOGRAPHIC NAME
Geographic name Southeast Asia
General subdivision History
942 ## - ADDED ENTRY ELEMENTS (KOHA)
Source of classification or shelving scheme Dewey Decimal Classification
Koha item type Book
Holdings
Withdrawn Not for loan Current library Shelving location Date acquired Total Checkouts Full call number Barcode Date last seen Date last checked out Koha item type
    Perpustakaan Alor Setar Pinjaman Dewasa 17/10/2021 1 959 OSB A01700335 08/10/2025 27/09/2025 Book